000 00329nam a22001337a 4500
008 230523b |||||||| |||| 00| 0 eng d
020 _a9780600030784
082 _a598.203 HANP
100 _aHANZAK,J
245 _aPictorial encyclopedia of birds
260 _aNewyork
_bPaul Hamlyn
_c1976
300 _a581p.
942 _2ddc
_cBK
999 _c2900
_d2900